000 00344nam a22001457a 4500
020 _a978-93-5549-740-6
082 _a894.812
_bINN/I
100 _aINNOCENT
245 _aIRINJALAKUDAKKU CHUTTUM
250 _aFOURTH EDITION
260 _aKOZHIKODE
_bMATHRUBHUMI BOOKS
_c2023
300 _a136
650 _aMALAYALAM STORY
_zKERALA
942 _cBK
999 _c6962
_d6962